Porada ako dôležitý manažérsky nástroj

Kedy je vhodné zvolať poradu. Téma a cieľ porady, roly na porade. Organizácia porady, štruktúra diskusie. Problémové správanie zúčastnených.

Gespeichert in:
Bibliographische Detailangaben
1. Verfasser: Jakubíková, Monika
Format: Buchkapitel
Sprache:Slowakisch
Schlagworte:
Tags: Tag hinzufügen
Keine Tags, Fügen Sie das erste Tag hinzu!

MARC

LEADER 00000naa a2200000 4500
001 0222544
005 20231120135956.0
041 0 |a slo 
044 |a SK 
245 1 0 |a Porada ako dôležitý manažérsky nástroj  |c Monika Jakubíková 
520 |a Kedy je vhodné zvolať poradu. Téma a cieľ porady, roly na porade. Organizácia porady, štruktúra diskusie. Problémové správanie zúčastnených. 
610 2 0 |a porady 
610 2 0 |a porady pracovné 
610 2 0 |a organizácia 
100 1 |a Jakubíková, Monika